|
|
|
|
| LEADER |
00859nam a2200217 a 4500 |
| 001 |
GR-MES412 |
| 008 |
991111s1988 gr 000 b ger d |
| 020 |
|
|
|a 3490277147
|
| 040 |
|
|
|a GrPaTEI
|b gre
|c GR-PaULI
|
| 245 |
0 |
0 |
|a Gesunde fische :
|b Praktische anleitung zum vorbeugen, erkennen und behandeln von fischkrankheiten.
|
| 260 |
|
|
|a Hamburg :
|b Verlag Paul Parey,
|c 1988
|
| 300 |
|
|
|a 240σελ. :
|b εικ.,πιν.
|
| 504 |
|
|
|a Βιβλιογραφία: σελ219-224
|
| 650 |
|
0 |
|a IXΥΟΛΟΓΙΑ
|
| 700 |
1 |
|
|a Baur, Werner H.
|
| 700 |
1 |
|
|a Rapp, Jorg
|
| 710 |
0 |
|
|a Verlag Paul Parey
|
| 942 |
|
|
|2 ddc
|
| 952 |
|
|
|0 0
|1 0
|2 ddc
|4 0
|6 597_000000000000000_BAU
|7 0
|9 263643
|a MSLG
|b MSLG
|c BSC
|d 2021-01-17
|e 24
|f 0
|g 0.00
|l 0
|o 597 BAU
|p 2420000003855
|r 2021-01-17 00:00:00
|t 1
|w 2021-01-17
|y BK15
|x 19991111 0 1
|x GrPaTEI
|
| 971 |
|
|
|a .b25714533
|b 15-04-20
|c 13-09-16
|
| 999 |
|
|
|c 151789
|d 151789
|